000
00235nam a22000857a 4500
008
160713b xxu||||| |||| 00| 0 eng d
100
_9
2818
_a
Douglas, L.C
245
_a
The Big Fisherman
260
_a
Philadelphia
_b
Coming Home to China
_c
1948
999
_c
2412
_d
2412